[Event "Regionalliga NO 1213"]
[Site "Bayern"]
[Date "2012.12.09"]
[Round "4.3"]
[White "Reindl, Wolfgang"]
[Black "Roeder, Frank"]
[Result "0-1"]
[WhiteElo "1940"]
[BlackElo "2184"]
[PlyCount "67"]
[EventDate "2012.10.14"]
[EventType "team-tourn"]
[EventRounds "9"]
[EventCountry "GER"]
[SourceTitle "EXT 2015"]
[Source "ChessBase"]
[SourceDate "2014.11.20"]
[SourceVersion "1"]
[SourceVersionDate "2014.11.20"]
[SourceQuality "1"]
[WhiteTeam "Amberg Siemens"]
[BlackTeam "Altensittenbach"]
[WhiteTeamCountry "GER"]
[BlackTeamCountry "GER"]

1. e4 c6 2. Nf3 d5 3. exd5 cxd5 4. Ne5 Nc6 5. Bb5 Bd7 6. Nxd7 Qxd7 7. d4 e6 8. 0-0 Nf6 9. c3 Bd6 10. Nd2 Qc7 11. g3 h5 12. Nf3 Ne4 13. Bd3 Be7 14. Bxe4 dxe4 15. Ng5 Bxg5 16. Bxg5 f6 17. Bf4 Qd7 18. Qe2 Qd5 19. b3 0-0-0 20. Rae1 e5 21. dxe5 g5 22. Rd1 Qe6 23. Bc1 Qxe5 24. Rxd8+ Rxd8 25. Qxh5 Qf5 26. f4 Qc5+ 27. Kh1 e3 28. Qf3 Re8 29. fxg5 fxg5 30. Qf6 Qd5+ 31. Kg1 e2 32. Re1 Ne5 33. Rxe2 Qd1+ 34. Kf2 0-1

[Event "Regionalliga NO 1213"]
[Site "Bayern"]
[Date "2012.11.25"]
[Round "3.3"]
[White "Fischer, Gerd"]
[Black "Roeder, Frank"]
[Result "1/2-1/2"]
[WhiteElo "2063"]
[BlackElo "2184"]
[PlyCount "29"]
[EventDate "2012.10.14"]
[EventType "team-tourn"]
[EventRounds "9"]
[EventCountry "GER"]
[SourceTitle "EXT 2015"]
[Source "ChessBase"]
[SourceDate "2014.11.20"]
[SourceVersion "1"]
[SourceVersionDate "2014.11.20"]
[SourceQuality "1"]
[WhiteTeam "Gunzenhausen"]
[BlackTeam "Altensittenbach"]
[WhiteTeamCountry "GER"]
[BlackTeamCountry "GER"]

1. e4 c6 2. Nf3 d5 3. Nc3 Bg4 4. h3 Bxf3 5. Qxf3 e6 6. exd5 cxd5 7. d4 Nc6 8. Bb5 Nf6 9. 0-0 Be7 10. Ne2 Qb6 11. Ba4 0-0 12. c3 Na5 13. Bc2 Nc4 14. Ng3 Nd6 15. Re1 1/2-1/2